LEADER 01252nam a2200277 a 4500 001 000000038388 003 CaOOAMICUS 005 20130709124514.0 008 980423s1958 it u000 u ita r 035 $a10791865 040 $aPUL(R)$bita 110 1 $aItalia.$0(OLS)http://pul/name/1188 240 10$aLeggi, ecc.$9(Italia).$0(OLS)http://pul/title/1565 245 10$aLeggi per la elezione del Senato della Repubblica /$ca cura dell'ufficio elettorale centrale della D.C. 260 $aRoma :$bArti grafiche,$c1958. 300 $a134 p. : ;$c17 cm 500 $aIn testa al front.: Elezioni politiche 1958. 650 4$aElezioni$xDiritto e legislazione$zItalia.$0(OLS)http://pul/subject/17879 710 1 $aItalia.$bParlamento.$bSenato.$0(OLS)http://pul/name/16352 710 1 $aDemocrazia cristiana.$bUfficio elettorale centrale.$0(OLS)http://pul/name/28666 850 $aPUL 852 $aPUL$W1$xDP2 Diritto e Scienze Sociali 1$y65$m175 E 27$j52312$nBK-PRI$qStampati$B52312$CPULBib$Z2$F52312 $H26894 $82 941 1 $a8 961 $aINV: 26894 996 $6245$aLeggi per la elezione del Senato della Repubblica$9(OLS)http://pul/title/52147 996 $6260$aRoma :$bArti grafiche$9(OLS)http://pul/publisher/63685 LEADER 01383nam a2200289 a 4500 001 000000157669 003 CaOOAMICUS 005 20161219125150.0 008 161219s1970 ug af u000 u eng r 032 $aLibriCat 040 $aPUL$bita 100 1 $aLugira, Alois Muzzanganda.$0(OLS)http://pul/name/100624 245 10$aGanda art :$ba study of the Ganda mentality with respect to possibilities of acculturation in Christian art /$cby A.M. Lugira. 260 $aKampala :$bOsasa Publication,$c1970. 300 $axix, 239 p., [12] c. di tav. :$aill. ;$c23 cm. 502 $aTesi -- Université de Fribourg. Faculté de Theologie. 1965. 504 $aBibliografia in nota a piè pagina. 651 4$aAfrica$xCiviltà.$0(OLS)http://pul/subject/25198 710 2 $aUniversité de Fribourg.$kTesi.$0(OLS)http://pul/name/100562 850 $aPUL 852 $aPUL$W1$xDP1 Tesi Univ. Friburgo$y37$mTH FRI 63$j181011$qTesi$B184138$CPULBib$Z2$F184138 $H39203 $82 910 $aUniversità di Friburgo$kTesi$9100562 910 $aUniversität Freiburg (Schweiz).$kTesi$9100562 941 1 $a16 996 $6245$aGanda art :$ba study of the Ganda mentality with respect to possibilities of acculturation in Christian art$9(OLS)http://pul/title/197272 996 $6260$aKampala :$bOsasa Publication$9(OLS)http://pul/publisher/85804